000 00781nam a22002295a 4500
005 20201128024057.0
008 161219t2012 nyua fr 001 0 eng d
020 _a9780071753890
020 _a0071753893
040 _aEG-ScBUE
_beng
_cEG-ScBUE
_dEG-ScBUE
082 0 4 _222
_a332.6322
_bBEN
245 0 0 _aBenjamin Graham and the power of growth stocks :
_blost growth stock strategies from the father of value investing /
_cFrederick K Martin ... [et al.]
260 _aNew York :
_bMcGraw-Hill,
_cc.2012.
300 _axii, 291 p. :
_bill. ;
_c24 cm.
500 _aIndex : p. 285-291.
650 7 _2BUEsh
_91288
_aInvestment analysis.
650 7 _2BUEsh
_aValue investing.
651 _2BUEsh
653 _bBUSADM
_cDecember2016
700 1 _aMartin, Frederick K.
942 _2ddc
999 _c23638
_d23610